[Event "España ch sub-18 2012"]
[Site "Salobreña ESP"]
[Date "2012.07.29"]
[Round "9.11"]
[White "Acosta Sosa, Juan Manuel"]
[Black "Arnedo Ruiz, Alberto"]
[Result "1/2-1/2"]
[WhiteElo "2166"]
[BlackElo "2124"]
[PlyCount "69"]
[EventDate "2012.07.23"]
[EventType "swiss"]
[EventRounds "9"]
[EventCountry "ESP"]
[Source "lmi"]
[SourceDate "2012.07.23"]

1. c4 c5 2. Nc3 Nc6 3. g3 g6 4. Bg2 Bg7 5. e3 e5 6. Nge2 Nge7 7. O-O O-O 8. a3
d6 9. Rb1 a5 10. d3 Rb8 11. Bd2 Bf5 12. Qc2 Qd7 13. Nd5 b6 14. Nec3 Bh3 15. b4
Bxg2 16. Kxg2 axb4 17. axb4 cxb4 18. Nxb4 Nxb4 19. Rxb4 d5 20. Rfb1 dxc4 21.
dxc4 Rfc8 22. Kg1 Rd8 23. Be1 h5 24. Rxb6 Rxb6 25. Rxb6 h4 26. Qe4 h3 27. c5
Rc8 28. Rb7 Qe6 29. Qb4 Nd5 30. Qc4 Nxc3 31. Qxe6 fxe6 32. Bxc3 Rxc5 33. Be1
Rc1 34. Kf1 e4 35. Rb3 1/2-1/2

[Event "España ch sub-18 2012"]
[Site "Salobreña ESP"]
[Date "2012.07.29"]
[Round "9.12"]
[White "Orantes Taboada, Manuel"]
[Black "Villaseñor Rubio, Emilio Jose"]
[Result "1/2-1/2"]
[WhiteElo "1963"]
[BlackElo "2159"]
[PlyCount "75"]
[EventDate "2012.07.23"]
[EventType "swiss"]
[EventRounds "9"]
[EventCountry "ESP"]
[Source "lmi"]
[SourceDate "2012.07.23"]

1. e4 c5 2. Nc3 Nc6 3. g3 g6 4. Bg2 Bg7 5. d3 d6 6. f4 e5 7. Nf3 Nge7 8. O-O
O-O 9. f5 gxf5 10. Nh4 f4 11. gxf4 Ng6 12. Nf5 exf4 13. Bxf4 Nxf4 14. Rxf4 Ne5
15. Qh5 Ng6 16. Rf3 Bxf5 17. exf5 Qh4 18. Rh3 Qxh5 19. Rxh5 Nf4 20. Rg5 Kh8 21.
Rg4 Bxc3 22. Rxf4 Bxb2 23. Rb1 Bd4+ 24. Kf1 Rab8 25. Rxb7 Rxb7 26. Bxb7 Rb8 27.
Bd5 Rb1+ 28. Ke2 Kg7 29. Rf1 Rxf1 30. Kxf1 Kf6 31. Kg2 Kxf5 32. Bxf7 Kf4 33.
Bg8 h6 34. c4 Ke3 35. Bh7 Kd2 36. Be4 Kc3 37. a4 Kb4 38. Bc6 1/2-1/2

[Event "España ch sub-18 2012"]
[Site "Salobreña ESP"]
[Date "2012.07.29"]
[Round "9.13"]
[White "Gutierrez Valero, Mario"]
[Black "Perera Borrego, Mariela"]
[Result "0-1"]
[WhiteElo "2135"]
[BlackElo "2066"]
[PlyCount "52"]
[EventDate "2012.07.23"]
[EventType "swiss"]
[EventRounds "9"]
[EventCountry "ESP"]
[Source "lmi"]
[SourceDate "2012.07.23"]

1. d4 d5 2. Nf3 Nf6 3. c4 c6 4. Nc3 a6 5. e3 g6 6. Bd3 Bg7 7. O-O O-O 8. Ne5
dxc4 9. Bxc4 b5 10. Bd3 Bb7 11. f4 Nbd7 12. Ne4 Nxe4 13. Bxe4 Nxe5 14. fxe5 Qb6
15. b4 Rad8 16. Qb3 Rxd4 17. Bxg6 Rd5 18. Bh5 Bxe5 19. Rb1 Bxh2+ 20. Kxh2 Rxh5+
21. Kg1 c5 22. bxc5 Qh6 23. Rf4 Rh1+ 24. Kf2 Qg6 25. e4 Bxe4 26. Rxe4 Qxe4 0-1

[Event "España ch sub-18 2012"]
[Site "Salobreña ESP"]
[Date "2012.07.29"]
[Round "9.14"]
[White "Valhondo Morales, Ruben"]
[Black "Aranaz Murillo, Amalia"]
[Result "1-0"]
[WhiteElo "2085"]
[BlackElo "2248"]
[PlyCount "63"]
[EventDate "2012.07.23"]
[EventType "swiss"]
[EventRounds "9"]
[EventCountry "ESP"]
[Source "lmi"]
[SourceDate "2012.07.23"]

1. e4 e6 2. Qe2 d5 3. exd5 Qxd5 4. Nc3 Qd8 5. Nf3 Nf6 6. d4 Be7 7. Be3 b6 8.
O-O-O Ba6 9. Qd2 O-O 10. Ne5 Qc8 11. g4 Bb7 12. Rg1 Bb4 13. Bd3 Nd5 14. g5 Nd7
15. Rg3 Nxe5 16. dxe5 Qd7 17. Qe2 Rfd8 18. Nxd5 Bxd5 19. a3 Ba5 20. Qh5 g6 21.
Qh6 Be4 22. Rh3 f5 23. gxf6 c5 24. f7+ Qxf7 25. Bxe4 Rxd1+ 26. Kxd1 Rd8+ 27.
Ke2 Qd7 28. Kf3 Qd1+ 29. Kg3 Qg1+ 30. Bg2 Rd7 31. Qg5 Be1 32. Rh4 1-0

[Event "España ch sub-18 2012"]
[Site "Salobreña ESP"]
[Date "2012.07.29"]
[Round "9.15"]
[White "Gomez Dieguez, David"]
[Black "Martin Hernandez, Ruben"]
[Result "0-1"]
[WhiteElo "2081"]
[BlackElo "2195"]
[PlyCount "38"]
[EventDate "2012.07.23"]
[EventType "swiss"]
[EventRounds "9"]
[EventCountry "ESP"]
[Source "lmi"]
[SourceDate "2012.07.23"]

1. e4 Nc6 2. Nc3 Nf6 3. f4 d5 4. e5 d4 5. Nb1 Nd5 6. Qf3 h5 7. Bc4 Ndb4 8. Qb3
e6 9. a3 Na5 10. Qa4+ Bd7 11. Bb5 Bxb5 12. Qxb5+ c6 13. Qf1 Nxc2+ 14. Kd1 Nxa1
15. b4 Qd5 16. Qd3 N5b3 17. Bb2 a5 18. Nf3 axb4 19. axb4 Bxb4 0-1

[Event "España ch sub-18 2012"]
[Site "Salobreña ESP"]
[Date "2012.07.29"]
[Round "9.16"]
[White "Capote Robayna, Nathaniel"]
[Black "Bals Hernandez, Jordi"]
[Result "1-0"]
[WhiteElo "2044"]
[BlackElo "2166"]
[PlyCount "55"]
[EventDate "2012.07.23"]
[EventType "swiss"]
[EventRounds "9"]
[EventCountry "ESP"]
[Source "lmi"]
[SourceDate "2012.07.23"]

1. e4 c5 2. Nf3 Nc6 3. d4 cxd4 4. Nxd4 Nf6 5. Nc3 d6 6. Bg5 e6 7. Qd2 a6 8.
O-O-O Bd7 9. f4 b5 10. Nxc6 Bxc6 11. Qe1 Rc8 12. e5 h6 13. Bh4 g5 14. fxg5 Nd5
15. g6 Qc7 16. Nxd5 Bxd5 17. Bd3 dxe5 18. gxf7+ Qxf7 19. Qxe5 Bg7 20. Qg3 Rg8
21. Qe3 Qh5 22. Bg3 Qg5 23. Qxg5 hxg5 24. Rhe1 Kf7 25. Bf5 Rc5 26. Rxd5 exd5
27. Be6+ Kf8 28. Bd6+ 1-0

[Event "España ch sub-18 2012"]
[Site "Salobreña ESP"]
[Date "2012.07.29"]
[Round "9.17"]
[White "Garcia Perez, Javier"]
[Black "Fernandez Diaz, Cristian"]
[Result "1/2-1/2"]
[WhiteElo "2002"]
[BlackElo "2162"]
[PlyCount "59"]
[EventDate "2012.07.23"]
[EventType "swiss"]
[EventRounds "9"]
[EventCountry "ESP"]
[Source "lmi"]
[SourceDate "2012.07.23"]

1. e4 c5 2. d3 Nc6 3. Be3 d6 4. c3 e5 5. g3 g6 6. Bg2 Bg7 7. Ne2 Nge7 8. O-O
O-O 9. Na3 Be6 10. Qd2 Qd7 11. d4 cxd4 12. cxd4 d5 13. dxe5 dxe4 14. Rfd1 Qxd2
15. Rxd2 Bxe5 16. Bxe4 Rfd8 17. Nc3 Rxd2 18. Bxd2 Rd8 19. Be3 Nd5 20. Bxd5 Bxd5
21. Rd1 Be6 22. Rxd8+ Nxd8 23. Bxa7 Bxc3 24. bxc3 Bxa2 25. Kf1 Nc6 26. Bc5 Be6
27. Ke2 f5 28. Ke3 Kf7 29. f4 Bd5 30. Nb5 1/2-1/2

[Event "España ch sub-18 2012"]
[Site "Salobreña ESP"]
[Date "2012.07.29"]
[Round "9.18"]
[White "Navarro Molina, David"]
[Black "Sierra Soria, Maria"]
[Result "1-0"]
[WhiteElo "2141"]
[BlackElo "1772"]
[PlyCount "61"]
[EventDate "2012.07.23"]
[EventType "swiss"]
[EventRounds "9"]
[EventCountry "ESP"]
[Source "lmi"]
[SourceDate "2012.07.23"]

1. d4 d5 2. c4 dxc4 3. Nf3 Nf6 4. e3 e6 5. Bxc4 a6 6. Bb3 c5 7. a4 b6 8. O-O
Bb7 9. Qe2 Nbd7 10. Nc3 Qc7 11. Rd1 Be7 12. e4 cxd4 13. Nxd4 Bc5 14. Bg5 Qe5
15. Nf3 Qc7 16. Bh4 Qf4 17. Bg3 Qg4 18. Bc2 O-O 19. e5 Nd5 20. Ne4 Bc6 21. Nxc5
Nxc5 22. Rd4 Qh5 23. Rh4 Nf4 24. Rxf4 Bxf3 25. Qxf3 Qxf3 26. Rxf3 Rfd8 27. b4
Nd7 28. Rd3 Rac8 29. Bb3 a5 30. Rad1 Nb8 31. Ra1 1-0

[Event "España ch sub-18 2012"]
[Site "Salobreña ESP"]
[Date "2012.07.29"]
[Round "9.19"]
[White "Cerrato Torrijos, Maria"]
[Black "Martinez Fernandez, Raul"]
[Result "0-1"]
[WhiteElo "2114"]
[BlackElo "1828"]
[PlyCount "88"]
[EventDate "2012.07.23"]
[EventType "swiss"]
[EventRounds "9"]
[EventCountry "ESP"]
[Source "lmi"]
[SourceDate "2012.07.23"]

1. e4 e5 2. Nf3 Nc6 3. Bc4 Nf6 4. d3 Bc5 5. c3 d6 6. O-O Bg4 7. Nbd2 Qd7 8. b4
Bb6 9. a4 a6 10. Re1 Ne7 11. Nf1 d5 12. exd5 Nfxd5 13. Rxe5 Nxc3 14. Qb3 Bxf3
15. Bxf7+ Kf8 16. Bg5 Bxf2+ 17. Kxf2 Qd4+ 18. Re3 Bd5 19. Bxe7+ Kxf7 20. Qc2
Rhe8 21. Bc5 Qf6+ 22. Ke1 Ne4 23. Rc1 Nxc5 24. Qxc5 Bxg2 25. Ke2 Bxf1+ 26. Rxf1
Rxe3+ 27. Qxe3 Re8 28. Rxf6+ gxf6 29. Qxe8+ Kxe8 30. Kf3 Kf7 31. Kg4 Ke6 32. h4
Ke5 33. h5 h6 34. b5 axb5 35. axb5 c5 36. bxc6 bxc6 37. Kg3 c5 38. Kg4 Kd4 39.
Kf5 Kxd3 40. Kxf6 c4 41. Kg6 c3 42. Kxh6 c2 43. Kg6 c1=Q 44. h6 Qa1 0-1

[Event "España ch sub-18 2012"]
[Site "Salobreña ESP"]
[Date "2012.07.29"]
[Round "9.20"]
[White "Garcia Del Campo, Efren"]
[Black "Gonzalez Hernandez, Ferran"]
[Result "1/2-1/2"]
[WhiteElo "1936"]
[BlackElo "2101"]
[PlyCount "102"]
[EventDate "2012.07.23"]
[EventType "swiss"]
[EventRounds "9"]
[EventCountry "ESP"]
[Source "lmi"]
[SourceDate "2012.07.23"]

1. e4 c5 2. Nf3 Nc6 3. d4 cxd4 4. Nxd4 Nf6 5. Nc3 d6 6. Be2 e5 7. Nb3 Be7 8.
O-O O-O 9. f4 a5 10. Be3 a4 11. Nd2 exf4 12. Rxf4 Ne5 13. Nc4 Nxc4 14. Bxc4 Be6
15. Rf1 Nd7 16. Nd5 Ne5 17. c3 Bxd5 18. exd5 Bf6 19. Bd3 Nxd3 20. Qxd3 Be5 21.
Bd4 Re8 22. Rae1 f6 23. Re3 Ra6 24. Rfe1 Qd7 25. Kf1 g6 26. c4 Rc8 27. Bxe5
fxe5 28. Rf3 Raa8 29. Re2 Qg4 30. Re4 Qg5 31. Qe3 Qxe3 32. Rfxe3 Rc5 33. Rf3 b5
34. Rf6 bxc4 35. Rxd6 a3 36. bxa3 c3 37. Rc6 Rc8 38. Rxc8+ Rxc8 39. Re1 Kf7 40.
Ke2 Ke7 41. d6+ Kxd6 42. Rc1 c2 43. Re1 Ke7 44. Rc1 Kd6 45. Re1 Ke7 46. Kd3 Kd6
47. Ke2 Ke7 48. Kd3 Kd6 49. Rc1 Kd5 50. Kd2 Rh8 51. Ra1 Ra8 1/2-1/2

[Event "España ch sub-18 2012"]
[Site "Salobreña ESP"]
[Date "2012.07.29"]
[Round "9.21"]
[White "Cerezo Gaston, Alberto"]
[Black "Navarro Lopez-Menchero, Daniel"]
[Result "0-1"]
[WhiteElo "1903"]
[BlackElo "2230"]
[PlyCount "92"]
[EventDate "2012.07.23"]
[EventType "swiss"]
[EventRounds "9"]
[EventCountry "ESP"]
[Source "lmi"]
[SourceDate "2012.07.23"]

1. d4 d5 2. c4 dxc4 3. Nc3 a6 4. a4 Nc6 5. Nf3 Nf6 6. e3 Na5 7. Ne5 Be6 8. Be2
g6 9. O-O Bg7 10. Bd2 c6 11. Nb1 O-O 12. Bxa5 Qxa5 13. Nxc4 Qc7 14. b4 Rfd8 15.
Nc3 Nd5 16. Nxd5 Bxd5 17. Qc2 Rac8 18. Rac1 e5 19. dxe5 Bxe5 20. Nxe5 Qxe5 21.
Qc5 Qf6 22. Bc4 Bxc4 23. Qxc4 Rd2 24. Rcd1 Rcd8 25. Rxd2 Rxd2 26. Qg4 Qd8 27.
h4 h5 28. Qf4 Rb2 29. Rc1 Qd2 30. Rf1 Qxb4 31. Qb8+ Kh7 32. Qe8 Qb3 33. Kh2 Qe6
34. Qf8 Qf6 35. Kg1 Ra2 36. e4 Re2 37. f3 Rd2 38. e5 Qf4 39. Rf2 Rd1+ 40. Rf1
Qd4+ 41. Kh2 Qxh4+ 42. Kg1 Rxf1+ 43. Kxf1 Qc4+ 44. Kg1 b5 45. g3 b4 46. f4 b3
0-1

[Event "España ch sub-18 2012"]
[Site "Salobreña ESP"]
[Date "2012.07.29"]
[Round "9.22"]
[White "Fernandez Gonzalez, Sergio"]
[Black "Silva Rodriguez, Julio"]
[Result "0-1"]
[WhiteElo "1959"]
[BlackElo "2168"]
[PlyCount "100"]
[EventDate "2012.07.23"]
[EventType "swiss"]
[EventRounds "9"]
[EventCountry "ESP"]
[Source "lmi"]
[SourceDate "2012.07.23"]

1. e4 e6 2. c4 d5 3. exd5 exd5 4. d4 dxc4 5. Bxc4 Nf6 6. Nc3 Bb4 7. Nf3 O-O 8.
O-O Bg4 9. Be2 Nc6 10. Be3 Re8 11. h3 Bh5 12. Rc1 a6 13. Qb3 Rb8 14. d5 Bxc3
15. dxc6 Ba5 16. Qa4 Rxe3 17. fxe3 Bb6 18. Rcd1 Qe7 19. Qc4 bxc6 20. Kh2 Bxe3
21. Bd3 Qd6+ 22. Kh1 Qg3 23. Qh4 Qxh4 24. Nxh4 Bxd1 25. Rxd1 g6 26. b3 a5 27.
Bc4 Re8 28. Nf3 Re7 29. g4 h5 30. gxh5 Nxh5 31. Rd8+ Kg7 32. Nd4 Bxd4 33. Rxd4
Ng3+ 34. Kh2 Nf5 35. Rd8 Nd6 36. Bf1 Re1 37. Bg2 Re2 38. a4 Rb2 39. Ra8 f5 40.
Rxa5 f4 41. Kg1 Rxb3 42. Ra7 f3 43. Rxc7+ Kf6 44. Rxc6 Ke5 45. Bf1 g5 46. a5
Ne4 47. a6 Ra3 48. Rc8 Kf4 49. Rc4 Ra1 50. a7 Ke5 0-1

[Event "España ch sub-18 2012"]
[Site "Salobreña ESP"]
[Date "2012.07.29"]
[Round "9.23"]
[White "Sanchez Garcia, Julio"]
[Black "Rey Malde, Henrique"]
[Result "1-0"]
[WhiteElo "2108"]
[BlackElo "1905"]
[PlyCount "63"]
[EventDate "2012.07.23"]
[EventType "swiss"]
[EventRounds "9"]
[EventCountry "ESP"]
[Source "lmi"]
[SourceDate "2012.07.23"]

1. d4 Nf6 2. c4 c5 3. d5 b5 4. cxb5 a6 5. bxa6 g6 6. Nc3 Bxa6 7. g3 d6 8. Bg2
Bg7 9. Nf3 O-O 10. O-O Nbd7 11. Rb1 Qa5 12. Bd2 Rfb8 13. Qc2 Ne8 14. Rfe1 Ne5
15. Nxe5 Bxe5 16. a4 Bc8 17. b3 Bd7 18. Nb5 Qb6 19. Na3 Bg7 20. Nc4 Qa6 21. e4
Nc7 22. e5 Bf5 23. Be4 Nxd5 24. Bxf5 gxf5 25. exd6 exd6 26. Qxf5 Nb4 27. Bf4
Bf8 28. Qg5+ Kh8 29. Nxd6 Bxd6 30. Qf6+ Kg8 31. Bxd6 Rb6 32. Ra1 1-0

[Event "España ch sub-18 2012"]
[Site "Salobreña ESP"]
[Date "2012.07.29"]
[Round "9.24"]
[White "Capote Robayna, Johanna"]
[Black "Jimenez Almeida, Luis David"]
[Result "0-1"]
[WhiteElo "1822"]
[BlackElo "2097"]
[PlyCount "80"]
[EventDate "2012.07.23"]
[EventType "swiss"]
[EventRounds "9"]
[EventCountry "ESP"]
[Source "lmi"]
[SourceDate "2012.07.23"]

1. e4 e6 2. d4 d5 3. Nc3 Nf6 4. e5 Nfd7 5. f4 c5 6. Nf3 Nc6 7. Bb5 a6 8. Bxc6
bxc6 9. O-O cxd4 10. Nxd4 c5 11. Nf3 Be7 12. Ne2 O-O 13. c3 Bb7 14. a3 a5 15.
Ng3 g6 16. h3 a4 17. Nh2 d4 18. cxd4 cxd4 19. Kh1 Nc5 20. Bd2 Nb3 21. Rb1 Bh4
22. Ne2 Be4 23. Bb4 Be7 24. Bxe7 Qxe7 25. Ng4 Bxb1 26. Nf6+ Kg7 27. Qxb1 Nd2
28. Qe1 Nxf1 29. Qh4 Rh8 30. Nxd4 Rac8 31. f5 Rc4 32. fxe6 Rxd4 33. Qxd4 Qxe6
34. Qf4 Qf5 35. Qxa4 Qxe5 36. Ng4 Qxb2 37. Qf4 Nd2 38. Qh6+ Kg8 39. Qf4 Qc1+
40. Kh2 Nf1+ 0-1